[Event "Glyfada New Year op"]
[Site "Glyfada"]
[Date "2011.01.08"]
[Round "6"]
[White "Psoma, Virginia"]
[Black "Sorolis, Nikolaos"]
[Result "1-0"]
[WhiteElo "1465"]
[BlackElo "1850"]
[PlyCount "99"]
[EventDate "2011.01.02"]
[EventType "swiss"]
[EventRounds "7"]
[EventCountry "GRE"]
[SourceTitle "EXT 2024"]
[Source "ChessBase"]
[SourceDate "2023.10.10"]
[SourceVersion "1"]
[SourceVersionDate "2023.10.10"]
[SourceQuality "1"]

1. e4 c5 2. Nf3 d6 3. d4 cxd4 4. Nxd4 a6 5. c4 g6 6. Nc3 Nf6 7. Be2 Bg7 8. 0-0 0-0 9. Be3 Bd7 10. f3 Nc6 11. Nxc6 Bxc6 12. Qc2 Qb8 13. Rac1 Rc8 14. Qd2 b6 15. b3 Ra7 16. Rc2 Rac7 17. Rfc1 Qb7 18. Nd5 Bxd5 19. cxd5 b5 20. Rxc7 Rxc7 21. Qa5 Rxc1+ 22. Bxc1 Qa7+ 23. Kf1 Nd7 24. Bxb5 Qc5 25. Qd8+ Nf8 26. Bc4 Bd4 27. Bh6 Bg7 28. Bxg7 Kxg7 29. Qxe7 Qa3 30. Qd8 Qc1+ 31. Kf2 Qb2+ 32. Kg3 Qe5+ 33. Kh3 g5 34. g4 Ng6 35. Qa5 Qb2 36. Kg3 Qc1 37. Kf2 Nf4 38. Qe1 Qxc4 39. bxc4 Nd3+ 40. Ke2 Nxe1 41. Kxe1 Kf6 42. Ke2 Ke5 43. Ke3 a5 44. h3 h6 45. a3 a4 46. Kd3 Kf4 47. c5 dxc5 48. d6 Kxf3 49. d7 Kg3 50. d8Q 1-0

[Event "Glyfada New Year op"]
[Site "Glyfada"]
[Date "2011.01.07"]
[Round "5"]
[White "Sorolis, Nikolaos"]
[Black "Psaras, Stilianos"]
[Result "0-1"]
[WhiteElo "1850"]
[BlackElo "2132"]
[PlyCount "68"]
[EventDate "2011.01.02"]
[EventType "swiss"]
[EventRounds "7"]
[EventCountry "GRE"]
[SourceTitle "EXT 2024"]
[Source "ChessBase"]
[SourceDate "2023.10.10"]
[SourceVersion "1"]
[SourceVersionDate "2023.10.10"]
[SourceQuality "1"]

1. e4 e6 2. Nf3 c5 3. d4 cxd4 4. Nxd4 Nc6 5. Nc3 Nf6 6. Be3 Be7 7. Be2 0-0 8. 0-0 a6 9. g4 Rb8 10. Bf4 d6 11. Nb3 b5 12. a3 Ne8 13. Bf3 e5 14. Bg3 Nc7 15. Nd5 Ne6 16. c3 Bg5 17. Kg2 a5 18. Rh1 a4 19. Nc1 Bh4 20. Nd3 Bb7 21. Rc1 Na5 22. Ne3 Bg5 23. h4 Bxe3 24. fxe3 Nc4 25. Qe2 Qb6 26. Bf2 Nc5 27. Nxc5 dxc5 28. Bg3 Rbd8 29. Rcd1 Rd6 30. Rxd6 Qxd6 31. Rd1 Qxd1 32. Qxd1 Nxe3+ 33. Kf2 Nxd1+ 34. Bxd1 f6 0-1

[Event "Glyfada New Year op"]
[Site "Glyfada"]
[Date "2011.01.03"]
[Round "2"]
[White "Sorolis, Nikolaos"]
[Black "Delithanasis, Dimitrios"]
[Result "1-0"]
[WhiteElo "1850"]
[BlackElo "2238"]
[PlyCount "87"]
[EventDate "2011.01.02"]
[EventType "swiss"]
[EventRounds "7"]
[EventCountry "GRE"]
[SourceTitle "EXT 2024"]
[Source "ChessBase"]
[SourceDate "2023.10.10"]
[SourceVersion "1"]
[SourceVersionDate "2023.10.10"]
[SourceQuality "1"]

1. e4 e5 2. Nf3 Nc6 3. d4 exd4 4. Nxd4 Bb4+ 5. c3 Be7 6. Nd2 Nxd4 7. cxd4 d5 8. e5 Nh6 9. Nb3 Nf5 10. Bd3 h5 11. Qc2 g6 12. Bd2 c6 13. 0-0 Kf8 14. Rae1 Kg7 15. Bc3 b6 16. a4 a5 17. Nc1 Be6 18. Ne2 h4 19. Nf4 Qd7 20. Re2 b5 21. b3 b4 22. Bb2 Bg5 23. Nxe6+ fxe6 24. f4 Bd8 25. Rc1 Ne7 26. Qc5 Ra7 27. g4 hxg3 28. hxg3 Rb7 29. Qc2 Bb6 30. g4 Rf8 31. Rf1 Rbb8 32. Rg2 Qa7 33. Qf2 g5 34. f5 Kf7 35. fxe6+ Kg7 36. Qe3 Ng6 37. Bxg6 Rxf1+ 38. Kxf1 Kxg6 39. Rf2 Qa6+ 40. Ke1 Bd8 41. Qf3 Qb7 42. Qf5+ Kg7 43. Qf8+ Kg6 44. Qe8+ 1-0